000 00575nam a22002177a 4500
003 OSt
005 20210416105748.0
008 210306s1961 ||||| |||| 00| 0 eng d
020 _a0671830236
040 _aeng
_beng
_cDLC
041 _aeng
080 _a821.111
_bB-84
100 _91270
_aBrand, Max
245 _aStolen Stallion
_c/ by: Pocket Books
260 _aNew York
_bPocket Books
_c1961
300 _a144 p.
365 _b1.75 usd
650 0 _9247
_aEnglish literature
653 _aინგლისური ლიტერატურა
942 _2udc
_cBK
999 _c2006
_d2006